[Event "45th Olympiad 2024"]
[Site "Budapest HUN"]
[Date "2024.09.15"]
[Round "5.24"]
[Board "2"]
[White "Paichadze, Luka"]
[Black "Cahaya, Satria Duta"]
[Result "1-0"]
[WhiteTitle "GM"]
[BlackTitle "FM"]
[WhiteElo "2516"]
[BlackElo "2219"]
[WhiteTeam "Georgia"]
[BlackTeam "Indonesia"]
[WhiteFideId "13602934"]
[BlackFideId "7124252"]
[EventDate "2024.09.11"]

1. e4 c5 2. Nf3 Nc6 3. Bb5 g6 4. Bxc6 dxc6 5. d3 Bg7 6. h3 Nf6 7. Nc3 Nd7 8. Be3
e5 9. O-O Qe7 10. Qd2 Nf8 11. Bh6 f6 12. Bxg7 Qxg7 13. Ne2 g5 14. Nh2 Ng6 15. b4
cxb4 16. d4 Qe7 17. dxe5 fxe5 18. Rfb1 a5 19. a3 bxa3 20. Qc3 O-O 21. Rxa3 a4
22. Ng3 Qd6 23. Rxa4 Rxa4 24. Qb3+ Kh8 25. Qxa4 Qc5 26. Rf1 Be6 27. Ng4 b5 28.
Qa5 Qxc2 29. Qc7 Qc5 30. Nh5 Rf7 31. Qd8+ Qf8 32. Qxg5 Bxg4 33. hxg4 Qe7 34. Qe3
Qd7 35. Ra1 Rf8 36. Qh6 Qf7 37. f3 b4 38. Qe3 b3 39. Qb6 Qe6 40. Rb1 Qd6 41. Qb7
Rg8 42. Qxb3 Qd4+ 43. Kh2 c5 44. Qb6 Qd8 45. Qxc5 Qh4+ 46. Kg1 Qg5 47. Qd6 Rf8
48. Rb8 Kg8 49. Rxf8+ Nxf8 50. Nf6+ Kf7 51. Qxf8+ 1-0

[Event "45th Olympiad 2024"]
[Site "Budapest HUN"]
[Date "2024.09.15"]
[Round "5.24"]
[Board "3"]
[White "Ulhaq, Zacky Dhia"]
[Black "Jobava, Baadur"]
[Result "0-1"]
[BlackTitle "GM"]
[WhiteElo "2203"]
[BlackElo "2582"]
[WhiteTeam "Indonesia"]
[BlackTeam "Georgia"]
[WhiteFideId "7125674"]
[BlackFideId "13601520"]
[EventDate "2024.09.11"]

1. d4 d5 2. Bf4 c5 3. e3 Nc6 4. Nf3 Bg4 5. Nbd2 e6 6. c3 a6 7. Be2 Nf6 8. Ne5
Bxe2 9. Qxe2 Rc8 10. h4 Bd6 11. h5 O-O 12. Qf3 Bxe5 13. dxe5 Nd7 14. Qg3 f6 15.
exf6 Qxf6 16. h6 g6 17. Bg5 Qe5 18. f4 Qc7 19. O-O c4 20. Qg4 Rce8 21. e4 Nc5
22. exd5 exd5 23. f5 Qd7 24. Nxc4 gxf5 25. Qg3 Ne4 26. Nb6 Qe6 27. Qh4 Ne5 28.
Be3 Ng6 29. Qh3 f4 30. Qxe6+ Rxe6 31. Bd4 Ng3 32. Nd7 Rf7 33. Nc5 Rc6 34. Rfe1
Nf8 35. Re5 Rxh6 36. Rae1 Rg6 37. Ne6 f3 38. Ng5 Ne4 39. R1xe4 dxe4 40. Nxf7
Rxg2+ 41. Kf1 Kxf7 42. Rxe4 Rxb2 43. Rf4+ Ke8 44. a3 Ne6 45. Rxf3 Rb3 46. Rf6
Nxd4 47. cxd4 Rxa3 48. Rb6 Rf3+ 49. Ke2 Rf7 50. Kd3 Kd8 51. Kc4 Rc7+ 52. Kd3 Rg7
53. d5 Kc7 54. Rh6 b6 55. Kc4 Rg4+ 56. Kc3 Rg6 57. Rxh7+ Kd6 58. Rh5 Kc5 59. Kd3
Rg4 60. Ke3 Rb4 0-1

[Event "45th Olympiad 2024"]
[Site "Budapest HUN"]
[Date "2024.09.15"]
[Round "5.24"]
[Board "4"]
[White "Pantsulaia, Levan"]
[Black "Kristopher, Reynard"]
[Result "1-0"]
[WhiteTitle "GM"]
[WhiteElo "2516"]
[BlackElo "2114"]
[WhiteTeam "Georgia"]
[BlackTeam "Indonesia"]
[WhiteFideId "13602071"]
[BlackFideId "7124333"]
[EventDate "2024.09.11"]

1. Nf3 d5 2. c4 c6 3. g3 Nf6 4. Bg2 Bf5 5. Qb3 Qb6 6. d3 e6 7. Be3 Qxb3 8. axb3
a6 9. Nh4 Bg6 10. Bd4 Nbd7 11. Nxg6 hxg6 12. h4 e5 13. Bc3 d4 14. Bd2 Bd6 15. b4
O-O 16. Na3 Rfe8 17. Nc2 e4 18. Nxd4 exd3 19. e3 c5 20. bxc5 Nxc5 21. O-O Rac8
22. Ba5 Nce4 23. b3 Nxf2 24. Rxf2 Rxe3 25. Nf3 Bxg3 26. Rff1 b5 27. Bb6 Re2 28.
c5 Nd5 29. Nd4 Ne3 30. Nxe2 dxe2 31. Rfc1 Be5 32. Ra2 Bd4 33. Kh2 Ng4+ 34. Kg3
Bf2+ 35. Kxg4 e1=Q 36. Rxe1 Bxe1 37. c6 f5+ 38. Kh3 Kf7 39. c7 g5 40. Bb7 g4+
41. Kg2 1-0

[Event "45th Olympiad 2024"]
[Site "Budapest HUN"]
[Date "2024.09.15"]
[Round "5.25"]
[Board "1"]
[White "Navara, David"]
[Black "Tissir, Mohamed"]
[Result "1-0"]
[WhiteTitle "GM"]
[BlackTitle "IM"]
[WhiteElo "2681"]
[BlackElo "2355"]
[WhiteTeam "Czech Republic"]
[BlackTeam "Morocco"]
[WhiteFideId "309095"]
[BlackFideId "9000240"]
[EventDate "2024.09.11"]

1. e4 c5 2. Nf3 d6 3. d4 cxd4 4. Nxd4 Nf6 5. Nc3 Nc6 6. Bg5 e6 7. Qd2 a6 8.
O-O-O Bd7 9. f3 h6 10. Be3 Qc7 11. Kb1 Be7 12. g4 b5 13. Nxc6 Bxc6 14. Rg1 d5
15. e5 Nd7 16. f4 Nc5 17. Qf2 Bb7 18. a3 O-O-O 19. Bxb5 axb5 20. Nxb5 Ne4 21.
Qe1 Qc4 22. Qa5 Rd7 23. Rd4 Qe2 24. Re1 Qg2 25. Bc1 Bd8 26. Qb4 Be7 27. Na7+ Kc7
28. Qa5+ Kb8 29. Rexe4 Rc7 30. c4 dxe4 31. Nb5 Rc6 32. Qa7+ Kc8 33. Rd7 Kxd7 34.
Qxb7+ Kd8 35. Qxc6 Qe2 36. Qc7+ Ke8 37. Qc8+ Bd8 38. Nd6+ 1-0

[Event "45th Olympiad 2024"]
[Site "Budapest HUN"]
[Date "2024.09.15"]
[Round "5.25"]
[Board "2"]
[White "Elbilia, Jacques"]
[Black "Nguyen, Thai Dai Van"]
[Result "0-1"]
[WhiteTitle "FM"]
[BlackTitle "GM"]
[WhiteElo "2343"]
[BlackElo "2647"]
[WhiteTeam "Morocco"]
[BlackTeam "Czech Republic"]
[WhiteFideId "9000127"]
[BlackFideId "358878"]
[EventDate "2024.09.11"]

1. d4 Nf6 2. c4 e6 3. Nc3 d5 4. cxd5 exd5 5. Bg5 Be7 6. e3 h6 7. Bh4 Bg4 8. Qc2
O-O 9. h3 Be6 10. Nf3 Ne8 11. Bg3 Bd6 12. Bxd6 Nxd6 13. Bd3 Nd7 14. Ne5 Rc8 15.
O-O c5 16. Nxd7 Qxd7 17. dxc5 Rxc5 18. f4 Bf5 19. Rad1 Re8 20. Rfe1 Be4 21. Qa4
Qc6 22. Bxe4 Nxe4 23. Qxc6 bxc6 24. Nxe4 Rxe4 25. Kf2 Rec4 26. Re2 Kf8 27. Rd4
Rxd4 28. exd4 Rc1 29. Ke3 h5 30. Kd3 h4 31. Re5 Rd1+ 32. Kc3 Rc1+ 33. Kd3 Rf1
34. Rh5 Kg8 35. Re5 Kf8 36. Rh5 Rxf4 37. Rh8+ Ke7 38. Ra8 Rf2 39. Rxa7+ Ke6 40.
Rc7 Rxb2 41. Rxc6+ Kd7 42. Ra6 Rxg2 43. Ke3 g5 44. Rf6 Rg3+ 45. Ke2 Ke7 46. Rf5
f6 47. Rxd5 Rxh3 48. Ra5 Rc3 0-1

[Event "45th Olympiad 2024"]
[Site "Budapest HUN"]
[Date "2024.09.15"]
[Round "5.25"]
[Board "3"]
[White "Krejci, Jan2"]
[Black "Moayad, Anas"]
[Result "1-0"]
[WhiteTitle "GM"]
[WhiteElo "2556"]
[BlackElo "2016"]
[WhiteTeam "Czech Republic"]
[BlackTeam "Morocco"]
[WhiteFideId "322156"]
[BlackFideId "9011900"]
[EventDate "2024.09.11"]

1. c4 Nf6 2. Nc3 c5 3. g3 Nc6 4. Bg2 g6 5. e4 Bg7 6. Nge2 d6 7. d3 Rb8 8. h3 a6
9. a4 Nd4 10. Nxd4 cxd4 11. Ne2 Nd7 12. O-O O-O 13. f4 b5 14. cxb5 axb5 15. a5
b4 16. e5 dxe5 17. a6 Nb6 18. fxe5 Bxe5 19. Bh6 Re8 20. Nf4 e6 21. a7 Ra8 22.
Bxa8 Nxa8 23. Qf3 Qe7 24. Qe4 Bh8 25. Qxa8 Bb7 26. Qb8 1-0

[Event "45th Olympiad 2024"]
[Site "Budapest HUN"]
[Date "2024.09.15"]
[Round "5.25"]
[Board "4"]
[White "NAIT ELASRI BRAHIM"]
[Black "Vykouk, Jan"]
[Result "0-1"]
[BlackTitle "IM"]
[WhiteElo "1994"]
[BlackElo "2483"]
[WhiteTeam "Morocco"]
[BlackTeam "Czech Republic"]
[WhiteFideId "9017518"]
[BlackFideId "349658"]
[EventDate "2024.09.11"]

1. e4 c5 2. Nf3 d6 3. Bb5+ Nd7 4. O-O a6 5. Bxd7+ Bxd7 6. d4 cxd4 7. Qxd4 e5 8.
Qd3 h6 9. b3 Nf6 10. c4 b5 11. Nfd2 Qb8 12. Nc3 Be7 13. Bb2 O-O 14. Nd5 Nxd5 15.
cxd5 Bg5 16. Nf3 Bd8 17. Nd2 Bg5 18. Nf3 b4 19. Rfe1 Bb5 20. Qd1 Bd8 21. Qc2 Qc8
22. Qxc8 Rxc8 23. Rac1 Bb6 24. g4 Bd7 25. h3 h5 26. Nh2 hxg4 27. hxg4 g6 28. g5
Rxc1 29. Rxc1 f5 30. gxf6 Rxf6 31. Rc2 Rf4 32. Kg2 Rxe4 33. f3 Re1 34. Nf1 Bf5
35. Rd2 e4 36. Ng3 Rg1+ 37. Kh2 exf3 38. Bd4 Bxd4 39. Rxd4 Rg2+ 40. Kh1 Rxg3 41.
Rf4 Kg7 42. Kh2 Rg2+ 43. Kh1 Rxa2 44. Kg1 f2+ 45. Rxf2 Rxf2 46. Kxf2 0-1

[Event "45th Olympiad 2024"]
[Site "Budapest HUN"]
[Date "2024.09.15"]
[Round "5.26"]
[Board "1"]
[White "Theodorou, Nikolas"]
[Black "Kulaots, Kaido"]
[Result "1-0"]
[WhiteTitle "GM"]
[BlackTitle "GM"]
[WhiteElo "2619"]
[BlackElo "2506"]
[WhiteTeam "Greece"]
[BlackTeam "Estonia"]
[WhiteFideId "4262875"]
[BlackFideId "4500261"]
[EventDate "2024.09.11"]

1. e4 c5 2. Nf3 d6 3. d4 cxd4 4. Nxd4 Nf6 5. Nc3 a6 6. f4 e5 7. Nf3 Nbd7 8. a4
Qc7 9. g4 d5 10. g5 d4 11. gxf6 dxc3 12. fxg7 Bxg7 13. f5 b6 14. b3 Bb7 15. Bc4
h6 16. Ba3 Bf8 17. Bxf8 Rxf8 18. Qe2 Qc5 19. Rd1 Nf6 20. Rg1 Ke7 21. Rg7 b5 22.
axb5 axb5 23. Bd5 Bxd5 24. exd5 e4 25. b4 Qxb4 26. Nd4 Qc4 27. Qe3 Nxd5 28. Qxh6
Nf6 29. Qf4 1-0

[Event "45th Olympiad 2024"]
[Site "Budapest HUN"]
[Date "2024.09.15"]
[Round "5.26"]
[Board "2"]
[White "Volodin, Aleksandr"]
[Black "Kourkoulos-Arditis, Stamatis"]
[Result "0-1"]
[WhiteTitle "GM"]
[BlackTitle "GM"]
[WhiteElo "2457"]
[BlackElo "2570"]
[WhiteTeam "Estonia"]
[BlackTeam "Greece"]
[WhiteFideId "4501950"]
[BlackFideId "4221990"]
[EventDate "2024.09.11"]

1. d4 Nf6 2. c4 g6 3. Nf3 Bg7 4. g3 O-O 5. Bg2 d6 6. O-O Nbd7 7. Qc2 e5 8. Nc3
exd4 9. Nxd4 Nb6 10. Rd1 Nxc4 11. Ncb5 a6 12. Qxc4 axb5 13. Nxb5 Ne8 14. Qb4 Bd7
15. Bf4 Bc6 16. a4 Nf6 17. Rac1 Ra6 18. e4 Nd7 19. b3 Re8 20. h4 h6 21. Rc2 Ne5
22. Nd4 Kh7 23. Qd2 Bd7 24. Rdc1 c6 25. Rd1 Bg4 26. f3 c5 27. Bxe5 Bxe5 28. Nb5
Be6 29. f4 Bg7 30. Qd3 d5 31. Kh2 Qe7 32. f5 dxe4 33. Bxe4 Bxb3 34. fxg6+ fxg6
35. Bxg6+ Rxg6 36. h5 Bf7 37. Rf2 Qg5 38. hxg6+ Bxg6 39. Qd5 Re5 40. Qd8 Qe3 41.
Kg2 Be4+ 0-1

[Event "45th Olympiad 2024"]
[Site "Budapest HUN"]
[Date "2024.09.15"]
[Round "5.26"]
[Board "3"]
[White "Papaioannou, Ioannis"]
[Black "Seeman, Tarvo"]
[Result "1-0"]
[WhiteTitle "GM"]
[BlackTitle "IM"]
[WhiteElo "2615"]
[BlackElo "2375"]
[WhiteTeam "Greece"]
[BlackTeam "Estonia"]
[WhiteFideId "4201345"]
[BlackFideId "4500547"]
[EventDate "2024.09.11"]

1. e4 c5 2. Nf3 Nc6 3. Bb5 d6 4. O-O Bd7 5. Re1 a6 6. Bxc6 Bxc6 7. d4 cxd4 8.
Nxd4 Rc8 9. c4 Nf6 10. Nc3 g6 11. f3 Bg7 12. Be3 O-O 13. Rc1 e6 14. b3 b6 15.
Qd2 Ba8 16. Red1 Qc7 17. Bh6 Bxh6 18. Qxh6 Rfd8 19. Kh1 Qc5 20. Na4 Qa5 21. Nc3
Qe5 22. Qd2 Rb8 23. a4 Rbc8 24. Re1 Kg7 25. Rcd1 h6 26. Ra1 Qg5 27. Qb2 Qe5 28.
Rad1 h5 29. Qf2 h4 30. f4 Qh5 31. Rd3 d5 32. cxd5 exd5 33. e5 Ne4 34. Qb2 Kg8
35. e6 f6 36. Kg1 Re8 37. f5 gxf5 38. Rf1 f4 39. Nce2 Rc7 40. Nxf4 Qe5 41. Qe2
Rg7 42. Qh5 Qxh5 43. Nxh5 Rg6 44. Rh3 Bb7 45. Rxh4 Rc8 46. Rhf4 1-0

[Event "45th Olympiad 2024"]
[Site "Budapest HUN"]
[Date "2024.09.15"]
[Round "5.26"]
[Board "4"]
[White "Kanep, Meelis"]
[Black "Mastrovasilis, Dimitrios"]
[Result "1/2-1/2"]
[WhiteTitle "GM"]
[BlackTitle "GM"]
[WhiteElo "2367"]
[BlackElo "2550"]
[WhiteTeam "Estonia"]
[BlackTeam "Greece"]
[WhiteFideId "4501047"]
[BlackFideId "4202694"]
[EventDate "2024.09.11"]

1. d4 d5 2. c4 e6 3. Nc3 Nf6 4. cxd5 exd5 5. Bg5 Bb4 6. e3 h6 7. Bxf6 Qxf6 8.
Qa4+ Nc6 9. Bb5 O-O 10. Ne2 a5 11. a3 Bxc3+ 12. bxc3 Ne7 13. Bd3 Nf5 14. O-O Nd6
15. Qc2 Bf5 16. Ng3 Bxd3 17. Qxd3 Rfe8 18. a4 Re7 19. Rfe1 Rae8 20. Nf1 Ne4 21.
Ra2 b6 22. Ng3 Nd6 23. Rae2 Qg5 24. Nf1 Re6 25. Nd2 Qe7 26. c4 dxc4 27. Nxc4 Qd7
28. Nxd6 Rxd6 29. Qb3 Rd5 30. h3 Re6 31. Kh2 c5 32. dxc5 Rxc5 33. Rd1 Rd6 34.
Ree1 Qc6 35. Kg1 Qd7 36. Rxd6 Qxd6 37. Rd1 Qc7 38. g3 g6 39. Rd4 h5 40. Qd3 Rc1+
41. Kg2 1/2-1/2

[Event "45th Olympiad 2024"]
[Site "Budapest HUN"]
[Date "2024.09.15"]
[Round "5.27"]
[Board "1"]
[White "Murphy, Conor E"]
[Black "Bjerre, Jonas Buhl"]
[Result "0-1"]
[WhiteTitle "IM"]
[BlackTitle "GM"]
[WhiteElo "2453"]
[BlackElo "2648"]
[WhiteTeam "Ireland"]
[BlackTeam "Denmark"]
[WhiteFideId "421669"]
[BlackFideId "1444948"]
[EventDate "2024.09.11"]

1. e4 e5 2. Nf3 Nc6 3. Bc4 d6 4. O-O Be7 5. d4 Nf6 6. Re1 Bg4 7. d5 Nd4 8. Nbd2
c6 9. h3 Bh5 10. dxc6 bxc6 11. c3 Nxf3+ 12. Nxf3 O-O 13. Bg5 Nd7 14. Bxe7 Qxe7
15. Be2 Nc5 16. Nd4 exd4 17. Bxh5 dxc3 18. bxc3 Qe5 19. Bf3 Qxc3 20. e5 dxe5 21.
Rc1 Qb4 22. Qd6 Na6 23. Qxc6 Qa3 24. Re3 Qa5 25. Qxa8 Rxa8 26. Bxa8 g6 27. a3
Nc7 28. Bc6 Ne6 29. Rce1 f6 30. Rb1 Nd4 31. Ba8 Kg7 32. g3 f5 33. Bg2 e4 34. g4
Kf6 35. Rb7 Qd2 36. Rb1 Ne2+ 37. Kf1 Nc3 38. Rb8 f4 39. Re1 Qd6 40. Rb4 f3 41.
Kg1 Ne2+ 42. Kh1 fxg2+ 43. Kxg2 Nf4+ 44. Kg1 Nxh3+ 0-1

[Event "45th Olympiad 2024"]
[Site "Budapest HUN"]
[Date "2024.09.15"]
[Round "5.28"]
[Board "1"]
[White "Fawzy, Adham"]
[Black "Meshkovs, Nikita"]
[Result "1/2-1/2"]
[WhiteTitle "GM"]
[BlackTitle "GM"]
[WhiteElo "2507"]
[BlackElo "2534"]
[WhiteTeam "Egypt"]
[BlackTeam "Latvia"]
[WhiteFideId "10613129"]
[BlackFideId "11602740"]
[EventDate "2024.09.11"]

1. e4 e5 2. Nf3 Nc6 3. Bb5 a6 4. Ba4 Nf6 5. O-O Nxe4 6. d4 Be7 7. Re1 b5 8. Rxe4
d5 9. Nxe5 Nxe5 10. Rxe5 bxa4 11. Nc3 O-O 12. Re1 a3 13. Nxd5 Qxd5 14. Rxe7 Bh3
15. Qf3 Qxf3 16. gxf3 Rae8 17. Re3 Re6 18. b3 Rg6+ 19. Kh1 Bg2+ 20. Kg1 Bh3+ 21.
Kh1 Bg2+ 22. Kg1 Bh3+ 1/2-1/2

[Event "45th Olympiad 2024"]
[Site "Budapest HUN"]
[Date "2024.09.15"]
[Round "5.28"]
[Board "2"]
[White "Kantans, Toms"]
[Black "Wageih, Kareim"]
[Result "1-0"]
[WhiteTitle "GM"]
[BlackTitle "IM"]
[WhiteElo "2486"]
[BlackElo "2402"]
[WhiteTeam "Latvia"]
[BlackTeam "Egypt"]
[WhiteFideId "11602945"]
[BlackFideId "10604561"]
[EventDate "2024.09.11"]

1. e4 c6 2. d4 d5 3. e5 Bf5 4. Nf3 e6 5. Be2 Nd7 6. O-O h6 7. Nbd2 Ne7 8. Nb3 g5
9. a4 Bg7 10. a5 a6 11. Bd2 Ng6 12. Ne1 h5 13. Bxh5 g4 14. Bxg4 Qh4 15. h3 O-O-O
16. Nf3 Qe7 17. Bxf5 exf5 18. Re1 f4 19. Qe2 Ndf8 20. Nc5 Ne6 21. Bb4 Nh4 22.
Nxe6 Qxe6 23. Ng5 Qg6 24. Qg4+ Nf5 25. Nf3 Qe6 26. Qxf4 Bh6 27. Qh2 Rdg8 28. Kf1
Bg7 29. Ra3 Bh6 30. Rd3 Rh7 31. g4 Ne7 32. Bxe7 Qxe7 33. c3 Qc7 34. b4 Bf8 35.
Qg2 Be7 36. Ng1 f5 37. exf6 Bxf6 38. Rf3 Be7 39. Rf5 Bd6 40. Qf3 Kb8 41. Rf6 Ka7
42. Re3 Rgg7 43. Kg2 Qd7 44. Qf5 Qd8 45. Nf3 Be7 46. Rfe6 Rf7 47. Qe5 Qf8 48.
Qg3 Qg7 49. g5 Bd8 50. g6 Bc7 51. Ne5 Rf5 52. gxh7 Rg5 53. Qxg5 Qxg5+ 54. Ng4 1-0

[Event "45th Olympiad 2024"]
[Site "Budapest HUN"]
[Date "2024.09.15"]
[Round "5.28"]
[Board "3"]
[White "Wafa, Hamed"]
[Black "Miezis, Normunds"]
[Result "1-0"]
[WhiteTitle "IM"]
[BlackTitle "GM"]
[WhiteElo "2368"]
[BlackElo "2417"]
[WhiteTeam "Egypt"]
[BlackTeam "Latvia"]
[WhiteFideId "10628452"]
[BlackFideId "11600136"]
[EventDate "2024.09.11"]

1. e4 c5 2. Nf3 e6 3. d4 cxd4 4. Nxd4 a6 5. c4 Nf6 6. Nc3 Qc7 7. a3 b6 8. f4 Bb7
9. Bd3 d6 10. f5 e5 11. Nc2 Nbd7 12. Nb4 Be7 13. O-O Nc5 14. Nbd5 Qd8 15. Nxe7
Kxe7 16. Bg5 h6 17. Bh4 b5 18. b4 Nxd3 19. Qxd3 bxc4 20. Qxc4 Qb6+ 21. Kh1 Rhc8
22. Nd5+ Bxd5 23. Qxd5 Qb5 24. Qd2 Rc4 25. Rfe1 Qc6 26. Rad1 Rd8 27. Qe3 Rc8 28.
h3 Rc3 29. Rd3 Rxd3 30. Qxd3 Qc4 31. Qe3 Rc7 32. Bxf6+ gxf6 33. Qxh6 Qc2 34. Qe3
Rc3 35. Qa7+ Kf8 36. Qxa6 Rd3 37. a4 Qc3 38. Rb1 Qc2 39. Rg1 Kg7 40. a5 Qe2 41.
Qc4 d5 42. exd5 Kf8 43. Qh4 Ke7 44. b5 Rxd5 45. Qb4+ Ke8 46. b6 Rd4 47. Qb1 Rd8
48. b7 Rb8 49. Qb6 1-0

[Event "45th Olympiad 2024"]
[Site "Budapest HUN"]
[Date "2024.09.15"]
[Round "5.28"]
[Board "4"]
[White "Starostits, Ilmars"]
[Black "Sadek, Sameh"]
[Result "1/2-1/2"]
[WhiteTitle "GM"]
[BlackTitle "FM"]
[WhiteElo "2344"]
[BlackElo "2269"]
[WhiteTeam "Latvia"]
[BlackTeam "Egypt"]
[WhiteFideId "11600748"]
[BlackFideId "10602771"]
[EventDate "2024.09.11"]

1. d4 Nf6 2. Nf3 e6 3. e3 b6 4. Bd3 Bb7 5. O-O c5 6. b3 g6 7. Nbd2 Bg7 8. Bb2 d5
9. dxc5 bxc5 10. c4 O-O 11. cxd5 exd5 12. Rc1 Nbd7 13. Qc2 Qe7 14. Rfd1 Rac8 15.
Qb1 Rfe8 16. Qa1 Nh5 17. Bxg7 Nxg7 18. Qb2 Bc6 19. Qa3 f5 20. Ba6 Rb8 21. Ne1
Ne6 22. Nef3 Rb6 23. Bf1 Qf6 24. g3 a5 25. Bg2 Ra8 26. Rc2 a4 27. Qc1 axb3 28.
Nxb3 Rba6 29. Rdd2 Kh8 30. h4 h6 31. Ne1 c4 32. Nd4 Nxd4 33. exd4 Kg7 34. Re2
R8a7 35. Nf3 Ba8 36. Qe1 Nf8 37. Re5 Rxa2 38. Rxa2 Rxa2 39. h5 Ra6 40. Nh4 Re6
41. Nxg6 Rxe5 42. Nxe5 Qb6 43. Nf3 Qe6 44. Qa5 Qc8 45. Qa7+ Bb7 46. Ne1 Nd7 47.
Qa3 Qe8 48. Nc2 Qxh5 49. Ne3 Qf7 50. Qd6 f4 51. gxf4 Nf6 52. Qe5 Kh7 53. Bh3 Bc6
54. Bf5+ Kg7 55. Bc2 Bd7 56. Kf1 Kf8 57. f5 Qe7 58. Qf4 Kg7 59. Qg3+ Kf8 60. Ng2
Ne4 61. Qb8+ Kf7 62. Qf4 Qg5 63. Qxg5 hxg5 64. Ne3 Nf6 65. Ke2 Ke7 66. Kf3 Be8
67. Kg3 Bh5 68. f4 gxf4+ 69. Kxf4 Bf7 70. Bb1 Kd6 71. Bc2 Ke7 72. Nd1 Kd6 73.
Nc3 Ke7 74. Bd1 Kd6 75. Bf3 Bg8 76. Kg5 Ke7 77. Bd1 Ne4+ 78. Nxe4 dxe4 79. Kf4
Bd5 80. Bc2 c3 81. Bb1 Kf6 82. Bc2 Ke7 1/2-1/2

[Event "45th Olympiad 2024"]
[Site "Budapest HUN"]
[Date "2024.09.15"]
[Round "5.29"]
[Board "1"]
[White "Gazik, Viktor"]
[Black "Wiedenkeller, Michael"]
[Result "1-0"]
[WhiteTitle "GM"]
[BlackTitle "IM"]
[WhiteElo "2561"]
[BlackElo "2406"]
[WhiteTeam "Slovakia"]
[BlackTeam "Luxembourg"]
[WhiteFideId "14928752"]
[BlackFideId "1700146"]
[EventDate "2024.09.11"]

1. e4 e5 2. Nf3 Nc6 3. Bb5 Nf6 4. d3 Bc5 5. c3 O-O 6. O-O d6 7. Re1 Ne7 8. d4
Bb6 9. a4 c6 10. Bf1 Ng6 11. Nbd2 Re8 12. Qc2 exd4 13. cxd4 Ba5 14. Re2 Nf4 15.
Re3 d5 16. e5 Ng4 17. Rea3 Ng6 18. Nb1 f6 19. h3 Nh6 20. Bxh6 gxh6 21. Bd3 Kg7
22. Rb3 Bc7 23. Nbd2 fxe5 24. dxe5 Nxe5 25. Bxh7 Qd6 26. Nh4 Qf6 27. Ndf3 Rb8
28. Nxe5 Rxe5 29. Rf3 Qd6 30. Bf5 Be6 31. Rg3+ 1-0

[Event "45th Olympiad 2024"]
[Site "Budapest HUN"]
[Date "2024.09.15"]
[Round "5.29"]
[Board "2"]
[White "Berend, Fred"]
[Black "Haring, Filip"]
[Result "1/2-1/2"]
[WhiteTitle "IM"]
[BlackTitle "IM"]
[WhiteElo "2230"]
[BlackElo "2503"]
[WhiteTeam "Luxembourg"]
[BlackTeam "Slovakia"]
[WhiteFideId "4000102"]
[BlackFideId "14933080"]
[EventDate "2024.09.11"]

1. d4 d5 2. c4 e6 3. Nf3 a6 4. Bg5 Be7 5. Bxe7 Nxe7 6. e3 Nd7 7. Nc3 O-O 8. Qc2
h6 9. Rc1 dxc4 10. Bxc4 b5 11. Be2 Bb7 12. O-O Rc8 13. a4 c5 14. axb5 Bxf3 15.
Bxf3 cxd4 16. exd4 axb5 17. Qb3 Qc7 18. Nd5 Qd6 19. Nxe7+ Qxe7 20. Qxb5 Rb8 21.
Qe2 Qd6 22. Rfd1 Nf6 23. Rd2 Rb4 24. Rc6 Qb8 25. Rc4 Rxc4 26. Qxc4 Rc8 27. Qf1
Qb4 28. Qd1 Rd8 29. g3 h5 30. h4 g6 31. b3 Qc3 32. Rd3 Qb2 33. Rd2 Qc3 34. Rd3
Qb2 35. Rd2 1/2-1/2

[Event "45th Olympiad 2024"]
[Site "Budapest HUN"]
[Date "2024.09.15"]
[Round "5.29"]
[Board "3"]
[White "Sahidi, Samir"]
[Black "Berend, Elvira"]
[Result "1/2-1/2"]
[WhiteTitle "IM"]
[BlackTitle "WGM"]
[WhiteElo "2474"]
[BlackElo "2219"]
[WhiteTeam "Slovakia"]
[BlackTeam "Luxembourg"]
[WhiteFideId "14936372"]
[BlackFideId "4000510"]
[EventDate "2024.09.11"]

1. Nf3 d5 2. c4 e6 3. g3 Nf6 4. Bg2 dxc4 5. Qa4+ Bd7 6. Qxc4 c5 7. O-O Bc6 8. b3
Be7 9. Bb2 O-O 10. d3 Nbd7 11. Nbd2 Rc8 12. Rfd1 b5 13. Qc1 Nb6 14. Ne5 Bxg2 15.
Kxg2 Nfd7 16. Ng4 Nf6 17. Nxf6+ Bxf6 18. Bxf6 Qxf6 19. Qa3 Qe7 20. Rac1 f5 21.
Qa6 Qd7 22. Nf3 f4 23. Rd2 fxg3 24. hxg3 Rf5 25. a4 bxa4 26. bxa4 Rcf8 27. d4
cxd4 28. Rxd4 Qf7 29. Qd3 h6 30. Rd8 Rxd8 31. Qxd8+ Qf8 32. Qxf8+ Kxf8 33. Nd4
Ra5 34. Rc7 g5 35. Nxe6+ Kg8 36. Nd4 Nxa4 37. Nc6 Ra6 38. Nxa7 Nc3 39. Rxc3 Rxa7
40. f4 Re7 41. Kf3 g4+ 42. Kf2 Kg7 43. Rc6 Kh7 44. Rd6 Re4 45. e3 Ra4 46. Ke2
Ra3 47. Rd3 Ra2+ 48. Rd2 Ra3 49. Kf2 Kg6 50. e4 Rf3+ 51. Kg2 Re3 52. Rd6+ Kh5
53. Rd5+ Kg6 54. e5 Kf5 55. Rd6 h5 56. Rh6 Ke4 57. e6 Re2+ 58. Kf1 Kf3 59. f5 h4
60. Rxh4 Ra2 61. Ke1 Ra5 62. Rh7 Ke3 63. Kd1 Rxf5 64. Kc2 Re5 65. e7 Kf3 66. Kd3
Kxg3 67. Kd4 Re1 68. Kd5 Kg2 69. Kd6 g3 70. Rh6 Rxe7 71. Kxe7 Kf2 72. Rf6+ Ke2
73. Rg6 Kf2 74. Rxg3 Kxg3 1/2-1/2

[Event "45th Olympiad 2024"]
[Site "Budapest HUN"]
[Date "2024.09.15"]
[Round "5.29"]
[Board "4"]
[White "Gengler, Pierre"]
[Black "Kostolansky, Sebastian Lukas"]
[Result "0-1"]
[BlackTitle "IM"]
[WhiteElo "2097"]
[BlackElo "2405"]
[WhiteTeam "Luxembourg"]
[BlackTeam "Slovakia"]
[WhiteFideId "4000714"]
[BlackFideId "14950596"]
[EventDate "2024.09.11"]

1. e4 c5 2. Nf3 e6 3. d4 cxd4 4. Nxd4 a6 5. g3 d5 6. Bg2 dxe4 7. O-O f5 8. g4
Nf6 9. gxf5 exf5 10. Nc3 Bd6 11. Bh3 g6 12. Bh6 Be5 13. Nce2 Ng4 14. f4 Bxd4+
15. Nxd4 Nxh6 16. c3 O-O 17. Qb3+ Nf7 18. Rad1 Qh4 19. Bg2 Nc6 20. Nc2 Qe7 21.
Ne3 Be6 22. c4 Rad8 23. Qc3 Rxd1 24. Rxd1 Rd8 25. Rd5 Bxd5 26. Nxd5 Qc5+ 0-1

[Event "45th Olympiad 2024"]
[Site "Budapest HUN"]
[Date "2024.09.15"]
[Round "5.30"]
[Board "1"]
[White "Gascon Del Nogal, Jose Rafael"]
[Black "Lee, Junhyeok"]
[Result "0-1"]
[WhiteTitle "GM"]
[BlackTitle "IM"]
[WhiteElo "2454"]
[BlackElo "2364"]
[WhiteTeam "Venezuela"]
[BlackTeam "South Korea"]
[WhiteFideId "3902463"]
[BlackFideId "13202340"]
[EventDate "2024.09.11"]

1. d4 Nf6 2. c4 g6 3. Nc3 Bg7 4. e4 d6 5. h4 h5 6. f3 O-O 7. Bg5 c5 8. d5 Nh7 9.
Be3 e6 10. Qd2 exd5 11. Nxd5 Nc6 12. Ne2 Be6 13. Rd1 Bxd5 14. cxd5 Ne5 15. Nc3
f5 16. exf5 gxf5 17. Kf2 Qf6 18. g3 Rae8 19. Rc1 Qf7 20. Ne2 Nf6 21. Bg5 Ne4+
22. fxe4 fxe4+ 0-1